Statistiques concernant Tous les jeux Mario Super Nintendo

Cliquez ici pour prendre le quiz!

Statistiques générales

  • Ce quiz a été pris 10 fois
    (7 depuis la dernière actualisation)
  • Le résultat moyen est 5 sur 12

Statistiques - réponses

Date sortieNom% Correct
04/1992Super Mario World
100%
01/1993Super Mario Kart
86%
06/1993Mario is Missing !
43%
12/1992Mario Paint
43%
16/12/1993Super Mario All-Stars
43%
10/1995Super Mario World 2 : Yoshi's Island
43%
08/1993Mario & Wario
29%
10/1994Mario's Early Years! Fun with Letters
14%
09/1994Mario's Early Years! Fun with Numbers
14%
11/1994Mario's Early Years! Preschool Fun
14%
12/1993Mario's Time Machine
14%
05/1996Super Mario RPG : Legend of the Seven Stars
14%

Distribution des résultats

Percentile par nombre de réponses

% des personnes avec chaque résultat

Votre développement - résultats

Vous n’avez pas pris ce quiz depuis la dernière actualisation